| 000 | 00952nam a2200229 i 4500 | ||
|---|---|---|---|
| 001 | 98425 | ||
| 003 | ES-MaACL | ||
| 005 | 20260201171943.0 | ||
| 007 | t| | ||
| 008 | 050826s1978 sp ||||1| spa d | ||
| 080 | _a001.8(04) | ||
| 245 | 0 | 0 |
_aNuevos aspectos de la vida intelectual _b: el papel de los intelectuales en la futura sociedad : ciclo de conferencias sobre nuevos aspectos de la vida intelectual... : Madrid, marzo 1978 / _c[F. Sebastián ... et al.]. |
| 260 |
_aMadrid : _bPresidencia del Gobierno, Instituto Nacional de Prospectiva, _c[1978?] |
||
| 300 |
_a71 p. ; _c22 cm. |
||
| 490 | 1 | _aPublicaciones del Centro de Estudios Avanzados | |
| 650 | 4 |
_aIntelectuales. _913848 |
|
| 700 | 0 |
_aSebastián Aguilar, Fernando _9105013 |
|
| 710 | 2 |
_aInstituto Nacional de Prospectiva (España) _95181 |
|
| 830 | 0 |
_aPublicaciones del Centro de Estudios Avanzados _9232334 |
|
| 852 |
_aES-MaACL _jL-3883 _bR.104223 |
||
| 999 |
_c98425 _d98425 |
||